000 01294nam0a22002651 4500
001 rc\3013124
005 20250530012810.0
035 _a(NLR Aleph) 007155529
090 _a7195811
_c7195811
100 _a20110924d1936 |||y0rusy50 ca
101 0 _arus
102 _aRU
105 _ay z |||||
200 1 _aГеологические исследования в Тифлисском и Мцхетском районах Грузинской ССР
_fМ.И. Варенцов
210 _aЛенинград
_aМосква
_cОнти. Гл. ред. горно-топливной лит.
_d1936
_eЛенинград
_gтип. им. Бухарина
215 _aОбл., 56, [2] с.
_d22х15 см
225 1 _aТруды Нефтяного геолого-разведочного института
_vВып. 85
_aСерия А
320 _aБиблиогр.: "Список основной лит. по геологии Тифлис. и Мцхет. районов" (с. 55-57)
700 1 _4070
_7ca
_8rus
_aВаренцов
_bМ. И.
_cд-р геол.-минерал. наук
_f1902-1977
_gМихаил Иванович
_9270639
_3RU\NLR\AUTH\770270695
801 0 _aRU
_bNLR
_gpsbo
801 1 _aRU
_bELAR
_2rusmarc
852 _aNLR
_j31-19/201(85)
942 _cBOOK
980 _aNB